00741nam a22001937a 4500999001900000005001700019010001500036020002500051035001400076037001300090082001400103100002400117245006400141260003700205270010900242300003400351942002800385952013400413 c190737d19073720220803171146.0 aENG-134227 a9788172014049c50.00 aEN-117759 bDBAD/PUB a954.81412 aPrasad, K.B. Prabhu aSarvajna:bMakers of Indian Literature/cK.B. Prabhu Prasad aNew DelhibSahitya Akademic2019 aRabindra Bhavan, 35, Phirojshaha RoadbNew Delhie110001msecretary@sahitya-akademi.gov.ink011-23386626 a67p.bBibliographyc22cm(pbk) 2ddccENh984.81412mPRA 001040708NFICaBNbBNd2022-08-03eDBAD/PUBg50.00l2o984.81412 PRApEN-117759r2025-04-21 00:00:00s2025-04-15t1v50.00yEN